<L'> Argus journal international des assurances

Enregistré dans:
Détails bibliographiques
Format: Publication en série
Langue:français
Publié: Paris Annonces judicaires et légales 1974
Tags: Ajouter un tag
Pas de tags, Soyez le premier à ajouter un tag!

MARC

LEADER 00000nas2a2200000 4500
001 0007031
005 20250730114231.3
022 |a 1257-3655 
041 0 |a fre 
044 |a FR 
245 1 0 |a <L'> Argus  |b journal international des assurances 
264 1 |a Paris  |b Annonces judicaires et légales  |c 1974 
300 |a 2 zv. 
773 0 |w eu_un_cat*0006878